000 00418nam a2200181Ia 4500
001 8073
005 20260306160542.0
008 260306t2009||||xx |||||||||||||| ||spa||
041 _aESP
082 _a370.1
_bK21
100 _aKant , Immanuel [1724-1804]
_eAUT
245 0 _aSobre pedagogía
260 _c2009
300 _a132 páginas :
_c21 cm.
650 _aGEN
654 _aCED
942 _cLIB
_dJUS
_fJUS
_2ddc
_n
999 _c8073
_d8073